| 000 | 00387nam a22001577a 4500 | ||
|---|---|---|---|
| 999 |
_c256983 _d256982 |
||
| 003 | OSt | ||
| 005 | 20180723112749.0 | ||
| 008 | 180723b xxu||||| |||| 00| 0 eng d | ||
| 020 | _a978-1-4443-3505-7 | ||
| 040 | _cn/a | ||
| 100 | _aWinifred Aldrich | ||
| 245 | _aMetric pattern cutting for womens wear. | ||
| 250 | _a6th edition | ||
| 260 |
_aChennai _bWiley _c2015 |
||
| 942 |
_2lcc _cBK |
||